Top 10 Most Depressed Countries - Statistics

General Stats
  • This quiz has been taken 469 times
  • The average score is 5 of 10
Answer Stats
Hint Answer % Correct
9.6% Depressed USA
94%
8.5% Depressed France
64%
4.9% Depressed Spain
57%
3.8% Depressed Italy
55%
4.8% Depressed Mexico
55%
9.1% Depressed Ukraine
43%
6.2% Depressed Belgium
39%
6.9% Depressed Netherlands
38%
6.8% Depressed Colombia
15%
6.6% Depressed Lebanon
5%
No matching quizzes found
Score Distribution
Percent of People with Each Score
Percentile by Number Answered
Your Score History
You have not taken this quiz